| 000 | 00534nam a22002057a 4500 | ||
|---|---|---|---|
| 005 | 20220223153748.0 | ||
| 008 | 220223b |||||||| |||| 00| 0 eng d | ||
| 020 |
_a9789849333296 _cRs.550.00 |
||
| 040 | _aLoreto College | ||
| 041 | _aBengali | ||
| 082 |
_a891.443 _bELI |
||
| 100 | _aElias, Akhtaruzzaman | ||
| 245 |
_aGalposamogra _cAkhtaruzzaman Elias |
||
| 260 |
_aDhaka _bMowla Brothers _c2019 |
||
| 300 |
_a479p. _b24 cm. |
||
| 650 | _aBengali fiction | ||
| 650 | _aBengali short stories | ||
| 850 | _aLCLIB | ||
| 942 | _cBK | ||
| 999 |
_c42925 _d93404 |
||